| 000 | 00426nam a2200181Ia 4500 | ||
|---|---|---|---|
| 001 | 13028 | ||
| 005 | 20260306163023.0 | ||
| 008 | 260306t1985||||xx |||||||||||||| ||spa|| | ||
| 041 | _aESP | ||
| 082 |
_aRD 658.003 _bM22 |
||
| 100 |
_aOcéano Centrum _eAUT |
||
| 245 | 0 | _aEnciclopedia del management | |
| 260 | _c1985 | ||
| 300 |
_a1307 páginas : _c26 cm. |
||
| 650 | _aGEN | ||
| 654 | _aCAN | ||
| 942 |
_cLIB _dJUS _fJUS _2ddc _n |
||
| 999 |
_c13028 _d13028 |
||